000 00553nam a2200157Ia 4500
008 240126s9999 xx 000 0 und d
041 _aEnglish
082 _aPRIS07-1232
100 _aDeepa P Lynn Sarah Lobo Payal Jain
245 0 _aMASTERMIN(E)D: An Intelligent Approach To Information Retrieval [electronic resource : Project Report]
_bNarendra U P
260 _bPESIT, Dept. of IS,
_aBangalore
440 _aNULL
650 _aInformation Science
650 _aMASTERMIN(E)D:,Intelligent,Information,Retrieval,:,Project,Report]
942 _cPR
999 _c256788
_d256788